Sentieri tortuosi : Bruce Chatwin fotografo : La fotografia vista da Roberto Calasso.

محفوظ في:
التفاصيل البيبلوغرافية
المؤلف الرئيسي: Calasso, Roberto (مؤلف)
مؤلفون آخرون: Chatwin, Bruce (المصور)
التنسيق: كتاب
اللغة:الإيطالية
منشور في: Milano : Adelphi, [1998]
الموضوعات:
الوسوم: إضافة وسم
لا توجد وسوم, كن أول من يضع وسما على هذه التسجيلة!

MARC

LEADER 00000nam a22000007i 4500
001 IT\ICCU\RAV\0316472
003 ItRI
005 20260115231914.0
008 980606s1998 it |||||| ||||| |||||c
020 |a 8845913805 
040 |b ita  |c importazione bologna sebina 
041 7 |a ita  |2 ISO-639-2 
082 |a 779.092  |9 FOTOGRAFIE di fotografi  |2 20 
100 1 |a Chatwin, Bruce  |0 IT\ICCU\CFIV\003042  |4 pht 
240 1 0 |a Sentieri tortuosi  |3 IT\ICCU\UBO\4827849  |9 Chatwin, Bruce 
245 1 0 |a Sentieri tortuosi :  |b Bruce Chatwin fotografo : La fotografia vista da Roberto Calasso. 
260 |a Milano :  |b Adelphi,  |c [1998] 
300 |a 189 p. :  |b ill. ;  |c 22x23 cm 
500 |a Catalogo della mostra 
500 |a Sul front.: Associazione amici torinesi dell'arte contemporanea ; Città di Torino, Galleria civica d'arte moderna e contemporanea ; Torino, 21 maggio-13 settembre 1998 
650 7 |a Chatwin, Bruce  |x Fotografie  |2 scbi 
650 7 |a Chatwin, Bruce  |x Opere  |2 scbi 
700 1 |a Calasso, Roberto  |0 IT\ICCU\CFIV\047947  |4 aut 
790 1 |a Chatwin, C. Bruce  |3 IT\ICCU\SBNV\032212  |z Chatwin, Bruce 
790 1 |a Chatwin, Charles Bruce  |3 IT\ICCU\SBNV\032211  |z Chatwin, Bruce 
942 |2 ddc  |c BK  |n 0 
952 |0 0  |1 0  |4 0  |6 DOC_779_092000000000000_CHA  |7 0  |9 16057  |a BO  |b BO  |d 2026-01-15  |i 10060  |l 0  |o DOC 779.092 CHA  |p BO10060  |r 2026-01-15 23:19:14  |w 2026-01-15  |x [Sebina 7] [1 v.]  |y BK  |z 1 v. 
999 |c 13803  |d 13803